| 000 | 00576nam a22001697a 4500 | ||
|---|---|---|---|
| 999 |
_c20222 _d20222 |
||
| 003 | OSt | ||
| 005 | 20240507100721.0 | ||
| 008 | 240506b ||||| |||| 00| 0 eng d | ||
| 020 | _a9715502032 | ||
| 082 |
_aDFil 364.09599 _bB22 _21996 |
||
| 100 |
_aBankoff, Greg., _956903 |
||
| 245 |
_aCrime, society, and the state in the nineteenth-century Philippines / _cCreg Bankoff. |
||
| 260 |
_aQuezon City : _bAteneo de Manila, _c©1996. |
||
| 300 |
_aviii, 251 pages : _billustrations ; _c23 cm. |
||
| 500 | _aIncludes appendixes, glossary, references, and index. | ||
| 942 |
_2ddc _cDFIL |
||